| 000 | 00618aam a2200241 4500 | ||
|---|---|---|---|
| 005 | 20231206100720.0 | ||
| 008 | 150716b2006 xxu||||| |||| 00| 0 spa d | ||
| 020 | _a9789968210315 | ||
| 041 | _aESP | ||
| 082 | _a344.078 C8374L | ||
| 100 | _aCosta Rica. Leyes, decretos, etc. | ||
| 245 | _aLey Carrera Docente y su reglamento | ||
| 260 | _aCosta Rica | ||
| 260 | _bEditec Editores | ||
| 260 | _c2006 | ||
| 300 | _a123 páginas | ||
| 650 | _aCOSTA RICA | ||
| 650 | _aEDUCACIÓN | ||
| 650 | _aLEGISLACIÓN | ||
| 650 | _aLEY CARRERA DOCENTE | ||
| 650 | _aLEY FUNDAMENTAL DE EDUCACIÓN | ||
| 942 |
_cBK _2ddc |
||
| 999 |
_c1795 _d1795 |
||